[Event "II Torneo Jose' Raul Capablanca"]
[Site "Roma ITA"]
[Date "2009.07.10"]
[Round "1"]
[White "Profumo, Alberto"]
[Black "Tacchi, Fabio"]
[Result "1-0"]
[WhiteElo "2234"]
[BlackElo "1832"]
[PlyCount "106"]
[EventDate "2009.07.10"]

1. Nf3 d5 2. g3 Nf6 3. Bg2 Bf5 4. O-O e6 5. c4 c6 6. d3 Be7 7. Be3 Nbd7 8. Qb3
b6 9. Nc3 O-O 10. Nd4 Nc5 11. Qc2 Rc8 12. b4 Na6 13. b5 Nb4 14. Qb3 Bg6 15.
cxd5 cxd5 16. a3 e5 17. axb4 exd4 18. Bxd4 Qd7 19. Ra2 h5 20. Rfa1 Rc7 21. Bxf6
Bxf6 22. Nxd5 Bxa1 23. Nxc7 Be5 24. Nd5 Rc8 25. Be4 Bxe4 26. dxe4 h4 27. Rc2
Rxc2 28. Qxc2 hxg3 29. hxg3 Qg4 30. Ne7+ Kf8 31. Nf5 Kg8 32. Qc8+ Kh7 33. Ne7
Qxc8 34. Nxc8 Bc3 35. Nxa7 Bxb4 36. Kg2 Kg6 37. f4 Kf6 38. Nc6 Bc3 39. f5 g6
40. g4 Kg7 41. Kf3 Bd2 42. e5 gxf5 43. gxf5 Kf8 44. Ke4 Ke8 45. Kd5 Kd7 46. Nd4
Be3 47. e6+ fxe6+ 48. Nxe6 Ke7 49. Nd4 Kf6 50. Nc2 Bc5 51. e4 Bf8 52. Nd4 Bc5
53. Nc6 Kf7 1-0

[Event "II Torneo Jose' Raul Capablanca"]
[Site "Roma ITA"]
[Date "2009.07.10"]
[Round "1"]
[White "Russi, Roberto"]
[Black "Gromovs, Sergejs"]
[Result "1-0"]
[WhiteElo "1898"]
[BlackElo "2339"]
[PlyCount "25"]
[EventDate "2009.07.10"]

1. c4 b5 2. cxb5 a6 3. Nc3 axb5 4. Nf3 e6 5. Nxb5 g5 6. Qc2 Bd6 7. Qc3 f6 8.
Nxd6+ cxd6 9. Nxg5 Bb7 10. e3 Nc6 11. Be2 Rc8 12. Ne4 Qe7 13. Qa3 1-0

[Event "II Torneo Jose' Raul Capablanca"]
[Site "Roma ITA"]
[Date "2009.07.11"]
[Round "2"]
[White "Di Giorgio, Daniele"]
[Black "Deldo, Damien"]
[Result "0-1"]
[WhiteElo "1688"]
[BlackElo "1842"]
[PlyCount "66"]
[EventDate "2009.07.10"]

1. e4 c5 2. Nc3 Nc6 3. f4 e6 4. Nf3 a6 5. a4 Qc7 6. d3 Nge7 7. e5 Nf5 8. g4
Nfd4 9. Bg2 Nb4 10. O-O Nbxc2 11. Rb1 d6 12. Nxd4 Nxd4 13. exd6 Bxd6 14. Ne4
Be7 15. Be3 a5 16. Rc1 Qb6 17. Bxd4 cxd4 18. Qe2 g6 19. Rc4 O-O 20. Qf2 f5 21.
gxf5 exf5 22. Ng5 Rd8 23. Nf3 Be6 24. Ne5 Bxc4 25. dxc4 Bf6 26. Bd5+ Kg7 27.
Rd1 Be7 28. Rd3 Rac8 29. Kh1 Qb4 30. Qxd4 Bc5 31. Qc3 Qxc3 32. Rxc3 Bd4 33. Rc2
Rxd5 0-1

[Event "II Torneo Jose' Raul Capablanca"]
[Site "Roma ITA"]
[Date "2009.07.11"]
[Round "2"]
[White "Fischer, Marc"]
[Black "Minikh, Edouard"]
[Result "1-0"]
[WhiteElo "2224"]
[BlackElo "2086"]
[PlyCount "71"]
[EventDate "2009.07.10"]

1. d4 Nf6 2. Bg5 c5 3. Nc3 cxd4 4. Qxd4 Nc6 5. Qh4 e6 6. O-O-O Be7 7. e4 a6 8.
f4 b5 9. Bd3 b4 10. Nce2 Bb7 11. Nf3 Qb6 12. Nd2 d5 13. exd5 exd5 14. Ng3 Nd4
15. Rhe1 Kd7 16. Nh5 h6 17. Qh3+ Ne6 18. Bxf6 gxf6 19. Qf5 Rad8 20. Nxf6+ Kc7
21. Ng4 Rhf8 22. Nf3 Bd6 23. Nfe5 h5 24. Nf6 h4 25. Nfd7 Qa5 26. Nxf8 Rxf8 27.
Kb1 d4 28. Be4 Bc8 29. Nf3 Qb6 30. Qf6 Nxf4 31. Nxd4 h3 32. gxh3 Bxh3 33. Nf5
Bxf5 34. Bxf5 a5 35. Re7+ Bxe7 36. Qxe7+ 1-0

[Event "II Torneo Jose' Raul Capablanca"]
[Site "Roma ITA"]
[Date "2009.07.11"]
[Round "2"]
[White "Foglia, Maurizio"]
[Black "Russi, Roberto"]
[Result "1-0"]
[WhiteElo "2140"]
[BlackElo "1898"]
[PlyCount "43"]
[EventDate "2009.07.10"]

1. Nf3 Nf6 2. d4 d5 3. e3 a6 4. Bd3 Bg4 5. Nbd2 Nbd7 6. c4 c6 7. Qb3 b5 8. cxd5
cxd5 9. a4 Qa5 10. O-O e6 11. Qc2 b4 12. Qc6 Ra7 13. Ne5 Qb6 14. Qc8+ Qd8 15.
Qxd8+ Kxd8 16. Nc6+ Kc7 17. Nxa7 Kb7 18. Nc6 Kxc6 19. Bxa6 Bd6 20. f3 Bf5 21.
Bb5+ Kb6 22. e4 1-0

[Event "II Torneo Jose' Raul Capablanca"]
[Site "Roma ITA"]
[Date "2009.07.11"]
[Round "2"]
[White "Gromovs, Sergejs"]
[Black "Buchner, Martin"]
[Result "1-0"]
[WhiteElo "2339"]
[BlackElo "2055"]
[PlyCount "75"]
[EventDate "2009.07.10"]

1. d4 d5 2. c4 c6 3. Nc3 Nf6 4. Nf3 e6 5. Bg5 Nbd7 6. e3 Bd6 7. Bd3 dxc4 8.
Bxc4 O-O 9. Qc2 Qc7 10. O-O e5 11. Rad1 Re8 12. Bxf6 Nxf6 13. Ng5 Be6 14. Nxe6
fxe6 15. dxe5 Bxe5 16. f4 Bxc3 17. Qxc3 Nd5 18. Bxd5 exd5 19. f5 Qe5 20. Rf3
Qxc3 21. bxc3 Re5 22. Kf2 Rf8 23. g4 Re4 24. Rd4 Rfe8 25. Rxe4 Rxe4 26. Rf4 Re7
27. c4 dxc4 28. Rxc4 Rd7 29. Ke2 Kf7 30. g5 Rd5 31. e4 Re5 32. Kf3 g6 33. Kf4
Re7 34. e5 gxf5 35. Kxf5 Re6 36. Rh4 Rg6 37. Rxh7+ Rg7 38. e6+ 1-0

[Event "II Torneo Jose' Raul Capablanca"]
[Site "Roma ITA"]
[Date "2009.07.11"]
[Round "2"]
[White "Guglielmi, Dante"]
[Black "Chiaretti, Roberto"]
[Result "0-1"]
[WhiteElo "1899"]
[BlackElo "2195"]
[PlyCount "94"]
[EventDate "2009.07.10"]

1. c4 c6 2. Nc3 d5 3. cxd5 cxd5 4. d4 Nc6 5. Nf3 Nf6 6. Bg5 Ne4 7. Bf4 g6 8. e3
Qa5 9. Qb3 Nxc3 10. bxc3 Bg7 11. Be2 O-O 12. O-O b6 13. Qb5 Bd7 14. Qb3 Bc8 15.
Qb5 Bb7 16. c4 dxc4 17. Bxc4 Qxb5 18. Bxb5 Rac8 19. Rfc1 a6 20. Be2 Nb4 21. a3
Nd5 22. Bg3 Rc3 23. Rxc3 Nxc3 24. Bd3 Rc8 25. Kf1 b5 26. Ke1 Bf8 27. Ne5 Bxg2
28. Nd7 Na4 29. Nxf8 Kxf8 30. Kd2 Ke8 31. Rc1 Rxc1 32. Kxc1 Kd7 33. e4 Nc3 34.
e5 Bf3 35. Kd2 Nd5 36. a4 bxa4 37. Bxa6 a3 38. Bb5+ Ke6 39. Bc4 Kf5 40. Bd3+
Be4 41. Bc4 e6 42. Kc1 Nb4 43. Bb3 Nc6 44. Kd2 Nxd4 45. Ba2 Bd5 46. Bb1+ Kg4
47. Kd3 Nb5 0-1

[Event "II Torneo Jose' Raul Capablanca"]
[Site "Roma ITA"]
[Date "2009.07.11"]
[Round "2"]
[White "Lisi, Davide"]
[Black "Ferretti, Folco"]
[Result "1/2-1/2"]
[WhiteElo "2023"]
[BlackElo "2313"]
[PlyCount "73"]
[EventDate "2009.07.10"]

1. d4 Nf6 2. c4 e6 3. Nf3 c5 4. e3 cxd4 5. exd4 d5 6. Nc3 Bb4 7. Qb3 Nc6 8. Be2
dxc4 9. Bxc4 O-O 10. O-O Be7 11. Qd1 a6 12. a3 b5 13. Ba2 Bb7 14. d5 exd5 15.
Nxd5 Nxd5 16. Bxd5 Bf6 17. Rb1 Qd7 18. Be4 Qxd1 19. Rxd1 Rfe8 20. Bd3 Na5 21.
Be3 Nc4 22. Bxc4 bxc4 23. Bd4 Bxf3 24. gxf3 Re6 25. Bxf6 Rxf6 26. Rbc1 Rf4 27.
Rd6 g6 28. Rc6 Rxf3 29. R1xc4 Kg7 30. Rc8 Rxc8 31. Rxc8 Rb3 32. Rc6 a5 33. Rc5
Rxb2 34. Rxa5 h5 35. Kg2 Rb3 36. Ra7 g5 37. h3 1/2-1/2

[Event "II Torneo Jose' Raul Capablanca"]
[Site "Roma ITA"]
[Date "2009.07.11"]
[Round "2"]
[White "Melega, Michele"]
[Black "Di Mauro, Sebastiano"]
[Result "0-1"]
[WhiteElo "1533"]
[BlackElo "1799"]
[PlyCount "66"]
[EventDate "2009.07.10"]

1. e4 e6 2. d4 d5 3. Nc3 Bb4 4. e5 c5 5. Nf3 cxd4 6. Qxd4 Nc6 7. Qg4 d4 8. Bb5
Nge7 9. Nxd4 Qa5 10. Bd2 Bd7 11. Nxc6 bxc6 12. Be2 Rb8 13. O-O Qxe5 14. Bf4
Bxc3 15. Bxe5 Bxe5 16. f4 Bxb2 17. Rad1 c5 18. Rf3 Bc6 19. Rb3 O-O 20. Rxb8
Rxb8 21. Bd3 g6 22. h4 Nd5 23. Qg3 Ne3 24. f5 e5 25. fxg6 hxg6 26. Rb1 Nxg2 27.
c3 Nf4 28. Kh2 Rd8 29. Rxb2 Rxd3 30. Qg4 f5 31. Qg5 Rh3+ 32. Kg1 Rh1+ 33. Kf2
Nh3+ 0-1

[Event "II Torneo Jose' Raul Capablanca"]
[Site "Roma ITA"]
[Date "2009.07.11"]
[Round "2"]
[White "Passerotti, Pierluigi"]
[Black "Nass, Emile"]
[Result "1/2-1/2"]
[WhiteElo "2302"]
[BlackElo "2186"]
[PlyCount "106"]
[EventDate "2009.07.10"]

1. d4 Nf6 2. c4 c6 3. Nf3 d5 4. Qb3 e6 5. Bf4 Nbd7 6. e3 Be7 7. h3 O-O 8. Nc3
Qb6 9. c5 Qd8 10. Qc2 a5 11. Bd3 b6 12. cxb6 Qxb6 13. O-O Ba6 14. Na4 Bxd3 15.
Qxd3 Qb4 16. b3 c5 17. dxc5 Nxc5 18. Nxc5 Bxc5 19. Be5 Ne4 20. Nd4 Qb6 21. Rac1
Rfc8 22. Nb5 f6 23. Bd4 Nd6 24. Nxd6 Qxd6 25. Qb5 Bxd4 26. exd4 Rcb8 27. Rc6
Rxb5 28. Rxd6 a4 29. Rc1 axb3 30. axb3 Ra7 31. Rxe6 Rxb3 32. Rd6 Rb5 33. Rc5
Rxc5 34. dxc5 Rc7 35. Rxd5 Kf7 36. Rh5 h6 37. g4 g6 38. Rd5 Ke6 39. Rd6+ Ke7
40. Rd5 Ke6 41. Rd8 Rxc5 42. Rh8 h5 43. gxh5 Rxh5 44. Rxh5 gxh5 45. Kg2 Kf5 46.
Kg3 Kg5 47. f4+ Kf5 48. Kf3 h4 49. Ke3 Ke6 50. Ke4 f5+ 51. Kd4 Kd6 52. Kc4 Kc6
53. Kd4 Kd6 1/2-1/2

[Event "II Torneo Jose' Raul Capablanca"]
[Site "Roma ITA"]
[Date "2009.07.11"]
[Round "2"]
[White "Pelyushenko, Vladyslav"]
[Black "Napoli, Nicolo'"]
[Result "0-1"]
[WhiteElo "1789"]
[BlackElo "2368"]
[PlyCount "62"]
[EventDate "2009.07.10"]

1. d4 e6 2. c4 c5 3. Nf3 Nf6 4. Nc3 cxd4 5. Nxd4 Bb4 6. Bd2 Nc6 7. Nxc6 bxc6 8.
Qc2 O-O 9. e3 d5 10. cxd5 cxd5 11. Bd3 e5 12. O-O Be6 13. a3 Bd6 14. f3 e4 15.
fxe4 Bxh2+ 16. Kf2 Nxe4+ 17. Nxe4 dxe4 18. Bxe4 Qh4+ 19. Ke2 Rac8 20. Bc3 Bc4+
21. Bd3 Qg4+ 22. Rf3 Qxg2+ 23. Rf2 Qg4+ 24. Rf3 Bg1 25. Raf1 Rfd8 26. Bxc4
Qxc4+ 27. Ke1 Qh4+ 28. R1f2 Bxf2+ 29. Rxf2 Rc5 30. Qb3 Rf5 31. Qc2 Qh1+ 0-1

[Event "II Torneo Jose' Raul Capablanca"]
[Site "Roma ITA"]
[Date "2009.07.11"]
[Round "2"]
[White "Rotoni, Matteo"]
[Black "Marta, Daniele"]
[Result "1/2-1/2"]
[WhiteElo "2189"]
[BlackElo "2023"]
[PlyCount "54"]
[EventDate "2009.07.10"]

1. e4 e6 2. d4 d5 3. e5 c5 4. c3 Ne7 5. Be3 Nec6 6. f4 b6 7. Nf3 Be7 8. Bb5 Ba6
9. a4 O-O 10. O-O Na5 11. Bxa6 Nxa6 12. Nbd2 cxd4 13. Nxd4 Nc4 14. Nxc4 dxc4
15. Qf3 Bc5 16. f5 exf5 17. Qxf5 Nc7 18. Rf3 g6 19. Qg4 Bxd4 20. cxd4 Qd5 21.
Bh6 Rfd8 22. Raf1 Rd7 23. Be3 Ne6 24. Qh4 Nxd4 25. Qxd4 Qxd4 26. Bxd4 Rxd4 27.
Rxf7 Rd1 1/2-1/2

[Event "II Torneo Jose' Raul Capablanca"]
[Site "Roma ITA"]
[Date "2009.07.11"]
[Round "2"]
[White "Seyfried, Claus"]
[Black "Profumo, Alberto"]
[Result "0-1"]
[WhiteElo "1965"]
[BlackElo "2234"]
[PlyCount "108"]
[EventDate "2009.07.10"]

1. e4 c6 2. d4 d5 3. e5 Bf5 4. Nc3 e6 5. g4 Bg6 6. Nge2 f6 7. Nf4 fxe5 8. Nxg6
hxg6 9. dxe5 Nd7 10. Qe2 Bc5 11. Bd2 Qh4 12. Bf4 Nh6 13. Bg3 Qxg4 14. O-O-O
Qxe2 15. Nxe2 g5 16. f4 Nf5 17. fxg5 Nxg3 18. Nxg3 Be3+ 19. Kb1 Bxg5 20. c4
Nxe5 21. cxd5 cxd5 22. Re1 Bf6 23. h4 Kd7 24. h5 Nc6 25. Bh3 Rae8 26. Rd1 Kc7
27. Rhe1 Be5 28. Rd3 Re7 29. Bg4 Rf8 30. Rde3 Bxg3 31. Rxg3 e5 32. Rd3 Rf4 33.
Bd1 Nd4 34. Rg1 Rf6 35. b4 Rb6 36. a3 a5 37. Rdg3 Ne6 38. Rb3 axb4 39. axb4 Nd4
40. Rb2 e4 41. Kc1 Nf5 42. Kd2 d4 43. Rg5 Ne3 44. Be2 Rf6 45. Rb1 Nf5 46. b5 d3
47. b6+ Kd6 48. Bg4 Nd4 49. Kc3 Nc6 50. Rbb5 Ne5 51. Kd2 Nxg4 52. Rxg4 e3+ 53.
Kxd3 e2 54. Rd4+ Kc6 0-1

[Event "II Torneo Jose' Raul Capablanca"]
[Site "Roma ITA"]
[Date "2009.07.11"]
[Round "2"]
[White "Tacchi, Fabio"]
[Black "Angelastro, Ariel Francisc"]
[Result "1-0"]
[WhiteElo "1832"]
[BlackElo "1440"]
[PlyCount "63"]
[EventDate "2009.07.10"]

1. d4 Nf6 2. c4 g6 3. Nc3 Bg7 4. e4 d6 5. Bg5 O-O 6. f3 Na6 7. Qd2 c5 8. d5 Re8
9. h4 Bd7 10. Bh6 Nc7 11. h5 e6 12. hxg6 fxg6 13. O-O-O e5 14. g4 Re7 15. Bd3
Qf8 16. Nge2 Bxh6 17. Rxh6 Kh8 18. Rdh1 Ng8 19. R6h3 Rae8 20. Qg5 Qf6 21. Qe3
Rf8 22. Kc2 a6 23. g5 Qg7 24. Rxh7+ Qxh7 25. Rxh7+ Rxh7 26. f4 Rh3 27. Qc1 Re8
28. f5 gxf5 29. exf5 Ne7 30. Qf1 Rh5 31. f6 Rf8 32. f7 1-0

[Event "II Torneo Jose' Raul Capablanca"]
[Site "Roma ITA"]
[Date "2009.07.11"]
[Round "2"]
[White "Vannelli, Vittorio"]
[Black "Bellachioma, Gianluca"]
[Result "1-0"]
[WhiteElo "1859"]
[BlackElo "1527"]
[PlyCount "27"]
[EventDate "2009.07.10"]

1. e4 Nf6 2. Nc3 d5 3. exd5 Nxd5 4. Bc4 Nxc3 5. Qf3 e6 6. Qxc3 Nc6 7. Ne2 Qg5
8. O-O Be7 9. d4 Qf6 10. Bf4 Bd6 11. Bg3 b6 12. Bb5 Bxg3 13. Bxc6+ Ke7 14. fxg3
1-0

[Event "II Torneo Jose' Raul Capablanca"]
[Site "Roma ITA"]
[Date "2009.07.11"]
[Round "2"]
[White "Zacchia, Marco"]
[Black "Mancino, Roberta"]
[Result "0-1"]
[WhiteElo "1463"]
[BlackElo "1721"]
[PlyCount "66"]
[EventDate "2009.07.10"]

1. d4 d5 2. Nf3 e6 3. g3 Nf6 4. Bg5 c5 5. c3 Nbd7 6. Nbd2 Be7 7. Bg2 h6 8. Bxf6
Nxf6 9. O-O Bd7 10. Re1 O-O 11. Ne5 Bc6 12. Nxc6 bxc6 13. e4 cxd4 14. cxd4 Qb6
15. e5 Nd7 16. Nb3 c5 17. dxc5 Nxc5 18. Kh1 Nxb3 19. axb3 Qxf2 20. Re2 Qb6 21.
Rc1 Rfc8 22. Rec2 Rxc2 23. Rxc2 Bc5 24. Qd3 Rb8 25. Bf1 Bd4 26. Re2 Rc8 27. Kg2
Qb4 28. h4 Rc1 29. h5 Bb6 30. Rc2 Rxc2+ 31. Qxc2 Qc5 32. Bd3 Qxc2+ 33. Bxc2 Bd4
0-1

[Event "II Torneo Jose' Raul Capablanca"]
[Site "Roma ITA"]
[Date "2009.07.11"]
[Round "3"]
[White "Angelastro, Ariel Francisc"]
[Black "Melega, Michele"]
[Result "0-1"]
[WhiteElo "1440"]
[BlackElo "1533"]
[PlyCount "70"]
[EventDate "2009.07.10"]

1. d4 Nf6 2. c4 e6 3. Nc3 Bb4 4. Bd2 O-O 5. a3 Bxc3 6. Bxc3 b6 7. Nf3 Bb7 8. e3
d6 9. Be2 Ne4 10. Rc1 Nd7 11. O-O c5 12. dxc5 Nxc3 13. Rxc3 Nxc5 14. b4 Ne4 15.
Rd3 Qc7 16. Qc1 Rac8 17. Nd2 Rfd8 18. Nxe4 Bxe4 19. Rc3 Qb7 20. f3 Bg6 21. Rd1
e5 22. Rd5 f5 23. Qd1 Qe7 24. g3 Bf7 25. Rd2 b5 26. c5 dxc5 27. Rxc5 f4 28.
gxf4 exf4 29. e4 a6 30. Rxc8 Rxc8 31. Rd6 Be6 32. Rxa6 Qg5+ 33. Kh1 Bh3 34.
Qd5+ Qxd5 35. exd5 Rc1+ 0-1

[Event "II Torneo Jose' Raul Capablanca"]
[Site "Roma ITA"]
[Date "2009.07.11"]
[Round "3"]
[White "Bellachioma, Gianluca"]
[Black "Zacchia, Marco"]
[Result "1-0"]
[WhiteElo "1527"]
[BlackElo "1463"]
[PlyCount "66"]
[EventDate "2009.07.10"]

1. b4 Nf6 2. Bb2 g6 3. e3 Bg7 4. f4 d5 5. Nf3 c6 6. Be2 O-O 7. O-O Nh5 8. Ne5
Nf6 9. Qe1 Nbd7 10. Nf3 b6 11. Nc3 e6 12. Nd1 Bb7 13. Nf2 c5 14. Nd3 c4 15.
Nde5 Nxe5 16. Nxe5 Nd7 17. Qg3 Rc8 18. Bc3 Nf6 19. Bf3 Rc7 20. h4 h5 21. Qh3
Kh7 22. g4 Rg8 23. Kf2 hxg4 24. Nxg4 Nxg4+ 25. Qxg4 Bxc3 26. dxc3 Qf6 27. Rg1
Qxc3 28. h5 Qxc2+ 29. Be2 Qf5 30. hxg6+ Rxg6 31. Qh4+ Kg7 32. Rh1 Kf8 33. Qd8+
Kg7 1-0

[Event "II Torneo Jose' Raul Capablanca"]
[Site "Roma ITA"]
[Date "2009.07.11"]
[Round "3"]
[White "Buchner, Martin"]
[Black "Di Giorgio, Daniele"]
[Result "1/2-1/2"]
[WhiteElo "2055"]
[BlackElo "1688"]
[PlyCount "78"]
[EventDate "2009.07.10"]

1. d4 Nf6 2. Nf3 e6 3. e3 c5 4. c3 d5 5. Bd3 Nc6 6. Nbd2 Bd6 7. O-O O-O 8. dxc5
Bxc5 9. e4 e5 10. Qe2 d4 11. Nb3 Bb6 12. cxd4 exd4 13. h3 h6 14. Rd1 Re8 15.
Bf4 Bf5 16. Nfd2 Nb4 17. f3 Nfd5 18. Bg3 Qg5 19. Kh2 h5 20. h4 Qh6 21. a3 Nxd3
22. Qxd3 Ne3 23. Rdc1 Be6 24. Bf2 Red8 25. Nc5 Bc8 26. b4 a5 27. Nc4 Nxc4 28.
Qxc4 axb4 29. axb4 Rxa1 30. Rxa1 Qf6 31. Qd3 Bxc5 32. bxc5 Qe5+ 33. g3 Qxc5 34.
Rd1 Qe5 35. Bxd4 Qe6 36. Qf1 Qa2+ 37. Qg2 Qxg2+ 38. Kxg2 Be6 39. Rd2 b6 1/2-1/2

[Event "II Torneo Jose' Raul Capablanca"]
[Site "Roma ITA"]
[Date "2009.07.11"]
[Round "3"]
[White "Chiaretti, Roberto"]
[Black "Passerotti, Pierluigi"]
[Result "1/2-1/2"]
[WhiteElo "2195"]
[BlackElo "2302"]
[PlyCount "74"]
[EventDate "2009.07.10"]

1. e4 c5 2. Nc3 e6 3. Nge2 Nc6 4. d4 cxd4 5. Nxd4 Nf6 6. Nxc6 bxc6 7. Bd3 d5 8.
O-O Be7 9. b3 O-O 10. Bb2 c5 11. Qf3 Rb8 12. Rad1 d4 13. Nb1 e5 14. h3 Be6 15.
Nd2 Nd7 16. Bc4 Rb6 17. Bc1 Bg5 18. Qe2 Qf6 19. Nf3 Bxc1 20. Rxc1 Qf4 21. Bxe6
Rxe6 22. Qd2 Nf6 23. Qxf4 exf4 24. c3 dxc3 25. e5 Nd7 26. Rxc3 Nxe5 27. Nxe5
Rxe5 28. Rfc1 Rc8 29. b4 Kf8 30. Kf1 Ke7 31. bxc5 Kd7 32. Rd3+ Kc7 33. Rcd1 Re7
34. Rd6 h6 35. c6 Rce8 36. R6d4 Kxc6 37. Rxf4 f6 1/2-1/2

[Event "II Torneo Jose' Raul Capablanca"]
[Site "Roma ITA"]
[Date "2009.07.11"]
[Round "3"]
[White "Deldo, Damien"]
[Black "Seyfried, Claus"]
[Result "0-1"]
[WhiteElo "1842"]
[BlackElo "1965"]
[PlyCount "108"]
[EventDate "2009.07.10"]

1. d4 d6 2. c4 e5 3. d5 f5 4. Nc3 Nf6 5. g3 Be7 6. Bg2 O-O 7. Bg5 Nbd7 8. Qc2
Nb6 9. b3 Nfxd5 10. cxd5 Bxg5 11. h4 Bf6 12. Rc1 Bd7 13. Nh3 Rc8 14. a4 c6 15.
dxc6 Bxc6 16. Bxc6 Rxc6 17. Qxf5 e4 18. Qe6+ Kh8 19. Na2 Re8 20. Qg4 Rxc1+ 21.
Nxc1 Bc3+ 22. Kf1 Nd5 23. Ng5 Nf6 24. Nf7+ Kg8 25. Nxd8 Nxg4 26. Nxb7 Rf8 27.
Kg2 Bd2 28. f4 Rc8 29. Nxd6 Rc2 30. Nxe4 Bxc1 31. Kf3 Nf6 32. Nxf6+ gxf6 33.
Rd1 Rc7 34. Rd3 Kf7 35. g4 h5 36. f5 hxg4+ 37. Kxg4 Re7 38. Kf3 Ba3 39. e4 a5
40. Rc3 Rd7 41. Ke2 Bb4 42. Rc2 Ke7 43. Rb2 Kd6 44. Kf3 Ke5 45. Re2 Rd1 46. Kg4
Rg1+ 47. Kf3 Rh1 48. Kg3 Re1 49. Rxe1 Bxe1+ 50. Kf3 Bxh4 51. Ke3 Be1 52. Kd3
Bb4 53. Ke3 Bc5+ 54. Kd3 Bb6 0-1

[Event "II Torneo Jose' Raul Capablanca"]
[Site "Roma ITA"]
[Date "2009.07.11"]
[Round "3"]
[White "Di Mauro, Sebastiano"]
[Black "Mancino, Roberta"]
[Result "1/2-1/2"]
[WhiteElo "1799"]
[BlackElo "1721"]
[PlyCount "184"]
[EventDate "2009.07.10"]

1. e4 c5 2. Nf3 Nc6 3. d4 cxd4 4. Nxd4 e6 5. Nb5 Nf6 6. N1c3 a6 7. Nd6+ Bxd6 8.
Qxd6 Qe7 9. Bf4 O-O 10. Qxe7 Nxe7 11. Bd6 Re8 12. f3 Nc6 13. Na4 b5 14. Nc5 Nb4
15. Kd2 Ra7 16. c3 Nc6 17. g4 Rd8 18. Bd3 Ne8 19. Bg3 d6 20. Nb3 Rad7 21. Kc2
Bb7 22. Rad1 Rc8 23. Kb1 b4 24. e5 bxc3 25. bxc3 Nxe5 26. Bxe5 Bxf3 27. Rhg1
Bxd1 28. Rxd1 dxe5 29. Bxh7+ Kxh7 30. Rxd7 Kg6 31. Kc2 Nf6 32. Ra7 Nd5 33. Kb2
Nxc3 34. Rxa6 Nd1+ 35. Kb1 Nf2 36. Ra4 Kg5 37. Nd2 Nxg4 38. Nf3+ Kh5 39. h3 Nf2
40. Rh4+ Kg6 41. Nxe5+ Kg5 42. Nf3+ Kf6 43. Rf4+ Ke7 44. h4 f6 45. Rd4 e5 46.
Rb4 Kd6 47. a4 Nd3 48. Rb6+ Rc6 49. Rb7 g6 50. Rg7 Nf4 51. Nd2 Kc5 52. Rb7 Rb6+
53. Rxb6 Kxb6 54. Kc2 Ka5 55. Kb3 f5 56. Nc4+ Ka6 57. Nxe5 Ka5 58. Nc4+ Ka6 59.
Ne5 Kb7 60. Kc4 Ka6 61. Kd4 Ka5 62. Nf3 Kxa4 63. Ke5 Nh5 64. Ke6 Kb5 65. Kf7 f4
66. Kxg6 Ng3 67. Kg5 Kc5 68. Kxf4 Nh5+ 69. Kg4 Ng7 70. Kg5 Kd6 71. Kg6 Ne6 72.
Kf6 Nf4 73. Kg5 Ne6+ 74. Kh6 Ke7 75. Kg6 Kf8 76. Ng5 Nf4+ 77. Kh7 Nh5 78. Nf3
Nf6+ 79. Kg6 Ke7 80. Ng5 Ng4 81. h5 Ne5+ 82. Kg7 Ng4 83. Nh7 Ke6 84. Kg6 Ne5+
85. Kg5 Kf7 86. Kf5 Kg7 87. Nf6 Nf7 88. Ng4 Kh7 89. Kf6 Nh6 90. Ne5 Ng8+ 91.
Kg5 Nh6 92. Ng6 Nf7+ 1/2-1/2

[Event "II Torneo Jose' Raul Capablanca"]
[Site "Roma ITA"]
[Date "2009.07.11"]
[Round "3"]
[White "Ferretti, Folco"]
[Black "Foglia, Maurizio"]
[Result "1/2-1/2"]
[WhiteElo "2313"]
[BlackElo "2140"]
[PlyCount "80"]
[EventDate "2009.07.10"]

1. Nf3 d5 2. c4 c6 3. g3 Nf6 4. Bg2 g6 5. Qa4 Nbd7 6. cxd5 Nc5 7. Qc2 Qxd5 8.
d3 Ne6 9. O-O Bg7 10. Nc3 Qh5 11. Qa4 O-O 12. Qh4 Qxh4 13. Nxh4 Rd8 14. Bd2 Nd4
15. Nf3 Nxf3+ 16. Bxf3 Bf5 17. Rfd1 Ng4 18. h3 Ne5 19. Bg2 h5 20. f4 Nd7 21. e4
Bd4+ 22. Kh2 Be6 23. Rac1 Rac8 24. b3 f6 25. Ne2 Bb6 26. d4 Bf7 27. Bc3 g5 28.
Rf1 gxf4 29. gxf4 Kh7 30. Ng3 Bg6 31. f5 Bf7 32. e5 h4 33. Ne4 Bc7 34. Rf4 fxe5
35. Rxh4+ Kg7 36. Kh1 exd4 37. Bxd4+ Be5 38. Rg4+ Kf8 39. Be3 Nf6 40. Rh4 Nxe4
1/2-1/2

[Event "II Torneo Jose' Raul Capablanca"]
[Site "Roma ITA"]
[Date "2009.07.11"]
[Round "3"]
[White "Guglielmi, Dante"]
[Black "Pelyushenko, Vladyslav"]
[Result "1-0"]
[WhiteElo "1899"]
[BlackElo "1789"]
[PlyCount "139"]
[EventDate "2009.07.10"]

1. c4 Nf6 2. Nc3 g6 3. g3 Bg7 4. Bg2 c6 5. e3 O-O 6. Nge2 d6 7. O-O Nbd7 8. d4
Qc7 9. b3 a6 10. Bb2 Rb8 11. Rc1 c5 12. Nf4 Qd8 13. Qd3 cxd4 14. exd4 b6 15.
Nfd5 Nxd5 16. Nxd5 e6 17. Nb4 Bb7 18. Bxb7 Rxb7 19. Nxa6 Ra7 20. Nb4 Qa8 21. a4
Rc8 22. Rc2 Ra5 23. Re1 Rf5 24. Qe4 d5 25. cxd5 exd5 26. Rxc8+ Qxc8 27. Nxd5
Bf8 28. Qe8 Qxe8 29. Rxe8 Rxd5 30. Kf1 f5 31. Ke2 Kf7 32. Ra8 Bg7 33. Ke3 Ke6
34. b4 Kd6 35. Rc8 Ke7 36. Bc3 Nf6 37. f3 Bh6+ 38. Kd3 Rd7 39. Rc6 Nd5 40. Be1
Bg7 41. Rc4 Kd6 42. a5 bxa5 43. bxa5 Ra7 44. Bd2 Bf6 45. Rc8 Kd7 46. Rc5 Kd6
47. Rc8 Rc7 48. Ra8 Kc6 49. Ra6+ Kb5 50. Rd6 Rc6 51. Rxd5+ Ka6 52. Rd7 Kb5 53.
Rxh7 Bd8 54. Rd7 Bf6 55. Rb7+ Ka6 56. Rb6+ Rxb6 57. axb6 Kxb6 58. Kc4 Kc6 59.
d5+ Kd7 60. g4 fxg4 61. fxg4 Kd6 62. Bf4+ Kd7 63. Kd3 Bg7 64. h4 Bf6 65. h5
gxh5 66. gxh5 Ke7 67. Ke4 Kf7 68. Kf5 Bd8 69. Be5 Kg8 70. Kg6 1-0

[Event "II Torneo Jose' Raul Capablanca"]
[Site "Roma ITA"]
[Date "2009.07.11"]
[Round "3"]
[White "Marta, Daniele"]
[Black "Gromovs, Sergejs"]
[Result "1-0"]
[WhiteElo "2023"]
[BlackElo "2339"]
[PlyCount "43"]
[EventDate "2009.07.10"]

1. d4 e5 2. e3 e4 3. c4 f5 4. Ne2 Nf6 5. Nec3 Be7 6. Be2 O-O 7. b3 a6 8. Ba3 d6
9. Nd2 b5 10. Rc1 c6 11. b4 Kh8 12. O-O d5 13. cxd5 cxd5 14. Qb3 Bd6 15. f4
exf3 16. Nxf3 Re8 17. Ng5 Ra7 18. Rf3 Bxh2+ 19. Kxh2 Ng4+ 20. Kg1 Qxg5 21. Nxd5
Be6 22. Rcf1 1-0

[Event "II Torneo Jose' Raul Capablanca"]
[Site "Roma ITA"]
[Date "2009.07.11"]
[Round "3"]
[White "Minikh, Edouard"]
[Black "Tacchi, Fabio"]
[Result "1/2-1/2"]
[WhiteElo "2086"]
[BlackElo "1832"]
[PlyCount "88"]
[EventDate "2009.07.10"]

1. d4 d5 2. Nf3 Nf6 3. g3 Bf5 4. Bg2 e6 5. O-O Be7 6. c4 c6 7. Nc3 Nbd7 8. b3
O-O 9. h3 h6 10. Bb2 Rc8 11. Rc1 Bh7 12. e3 dxc4 13. bxc4 c5 14. d5 exd5 15.
cxd5 Bd6 16. Ne1 Re8 17. Nd3 Bb8 18. Nf4 Ne5 19. Ba1 g5 20. Nh5 Nfd7 21. e4 c4
22. Rb1 Nc5 23. f4 Ned7 24. Qd4 f6 25. Rbe1 Nd3 26. Rb1 Bd6 27. Na4 gxf4 28.
gxf4 Bg6 29. Nxf6+ Nxf6 30. Qxf6 Qxf6 31. Bxf6 Bxe4 32. Rxb7 Rc7 33. Rxc7 Bxc7
34. Bd4 Bxg2 35. Kxg2 Nxf4+ 36. Kf3 Nxd5 37. Rg1+ Kf8 38. Bg7+ Kf7 39. Bxh6 Rh8
40. Bc1 Rxh3+ 41. Ke4 Nb4 42. Rf1+ Ke7 43. Bg5+ Ke8 44. Kd4 Nxa2 1/2-1/2

[Event "II Torneo Jose' Raul Capablanca"]
[Site "Roma ITA"]
[Date "2009.07.11"]
[Round "3"]
[White "Napoli, Nicolo'"]
[Black "Rotoni, Matteo"]
[Result "1-0"]
[WhiteElo "2368"]
[BlackElo "2189"]
[PlyCount "35"]
[EventDate "2009.07.10"]

1. g3 d5 2. Bg2 e5 3. d4 e4 4. c4 c6 5. Nc3 Be6 6. Nh3 Nf6 7. Bg5 Be7 8. Nf4
O-O 9. O-O Nbd7 10. Nxe6 fxe6 11. Bh3 Kf7 12. f3 exf3 13. Rxf3 h6 14. Bc1 c5
15. Re3 cxd4 16. Bxe6+ Ke8 17. Qxd4 Bc5 18. Bxd7+ 1-0

[Event "II Torneo Jose' Raul Capablanca"]
[Site "Roma ITA"]
[Date "2009.07.11"]
[Round "3"]
[White "Profumo, Alberto"]
[Black "Fischer, Marc"]
[Result "1-0"]
[WhiteElo "2234"]
[BlackElo "2224"]
[PlyCount "53"]
[EventDate "2009.07.10"]

1. Nf3 d6 2. d4 f5 3. c4 Nf6 4. Nc3 g6 5. g3 Bg7 6. Bg2 O-O 7. O-O c6 8. d5 e5
9. dxe6 Bxe6 10. Qd3 Na6 11. Bf4 Ne8 12. b3 Qa5 13. Rac1 Rd8 14. Rfd1 Nb4 15.
Qd2 Rf7 16. Na4 b5 17. Nc5 Bc8 18. Nd3 c5 19. Nxb4 cxb4 20. Ng5 Re7 21. Qd5+
Kh8 22. Nf7+ Rxf7 23. Qxf7 bxc4 24. Rxc4 Ba6 25. Rc2 Bb5 26. Bg5 Rb8 27. Bd5
1-0